Statistics for Five Closest Countries by Country #1

Click here to take the quiz!

General Stats

  • This quiz has been taken 74,811 times
  • The average score is 31 of 40

Answer Stats

Starting Country # Country % Correct
United States0Mexico
100%
United States0Canada
100%
Australia993New Zealand
95%
Oman0Saudi Arabia
92%
Monaco0France
91%
United States93Cuba
91%
Monaco6Italy
90%
Oman0Yemen
90%
Cyprus43Turkey
86%
Bhutan0India
86%
Lesotho0South Africa
86%
Oman0United Arab Emirates
85%
Bhutan0China
83%
Monaco232Spain
83%
Panama0Costa Rica
81%
Bhutan42Nepal
81%
Australia198Indonesia
81%
Panama0Colombia
80%
Australia53Papua New Guinea
77%
United States2Russia
77%
Panama104Nicaragua
76%
Monaco152Switzerland
75%
Cyprus142Israel
75%
United States53Bahamas
74%
Bhutan28Bangladesh
72%
Lesotho175Eswatini
72%
Panama363Honduras
72%
Oman32Iran
71%
Cyprus66Syria
71%
Panama276Venezuela
71%
Cyprus100Lebanon
67%
Cyprus182Jordan
66%
Lesotho267Botswana
66%
Lesotho439Namibia
64%
Lesotho228Mozambique
64%
Bhutan188Myanmar
63%
Oman212Pakistan
60%
Australia284East Timor
50%
Monaco248San Marino
49%
Australia951Solomon Islands
46%

Score Distribution

Percentile by Number Answered

Percent of People with Each Score

Your Score History

You have not taken this quiz